000 00241nam a2200109Ia 4500
008 190216s9999||||xx |||||||||||||| ||und||
100 _aSakar.N
245 0 _aManagement Accountancy
260 _bMacmillan
_c1973
300 _a258p
942 _cBK
999 _c4113
_d4113